| 000 | 00749nam a2200217Ia 4500 | ||
|---|---|---|---|
| 003 | GCL | ||
| 005 | 20240530104908.0 | ||
| 008 | 140319s9999 xx 000 0 ara d | ||
| 040 |
_aGCL / _cGCL |
||
| 082 | 0 | 4 |
_a962.064 _bق/ش ا |
| 100 | 1 | _aشفيق خالد | |
| 245 | 1 | 0 |
_aايام بورسعيد / _cشفيق خالد |
| 260 | _c1957 | ||
| 300 |
_a92 ص؛ _c18 سم |
||
| 490 |
_aالهيئة العامة للاستعلامات _v0 |
||
| 650 | 0 | 4 | _aالاعتداء الثلاثى على مصر 1956 |
| 650 | 0 | 4 | _aمصر - تاريخ - العصر الحديث (1805 - 1956 ) |
| 650 | 0 | 4 | _aمصر - تاريخ - العصر الحديث - الاحتلال البريطانى |
| 650 | 0 | 4 | _aالبريطانى(1882 - 1956) |
| 942 |
_2ddc _cBK |
||
| 999 |
_c51561 _d51561 |
||